Missing From the Cover: Classic Juvenile Books Quiz Stats

 Plays Quiz Updated Mar 17, 2020

Support Sporcle.
Go Orange.
Score 0/30 Timer 07:00
0 Plays Today
% Correct
Harry Potter and the Half-Blood Prince (J. K. Rowling)
99.8%
Stuart Little (E. B. White)
95%
The Lion, the Witch and the Wardrobe (C. S. Lewis)
93.7%
Little House on the Prairie (Laura Ingalls Wilder)
93.6%
Charlie and the Chocolate Factory (Roald Dahl/Quentin Blake)
93.4%
The Mouse and the Motorcycle (Beverly Cleary)
92.8%
How to Eat Fried Worms (Thomas Rockwell)
92.6%
The Catcher in the Rye (J. D. Salinger)
91.9%
The Black Stallion (Walter Farley)
88.9%
That Was Then, This Is Now (S. E. Hinton)
88.4%
The Secret Garden (Frances Hodgson Burnett/Tasha Tudor)
87.2%
Bridge to Terabithia (Katherine Paterson)
83.9%
The Wind in the Willows (Kenneth Grahame/Michael Hague)
82.8%
The Indian in the Cupboard (Lynne Reid Banks/Brock Cole)
82.7%
Watership Down (Richard Adams)
80.8%
% Correct
Holes (Louis Sachar)
75.3%
Where the Red Fern Grows (Wilson Rawls)
72.3%
A Wrinkle in Time (Madeleine L'Engle)
69.1%
Harriet the Spy (Louise Fitzhugh)
68%
Sarah, Plain and Tall (Patricia MacLachlan)
64.6%
Tales of a Fourth Grade Nothing (Judy Blume)
64%
The Boxcar Children (Gertrude Chandler Warner)
62%
Tuck Everlasting (Natalie Babbitt)
59.4%
Island of the Blue Dolphins (Scott O'Dell)
56.8%
The Phantom Tollbooth (Norton Juster/Jules Feiffer)
54.7%
The Giver (Lois Lowry)
44.9%
The Best Christmas Pageant Ever (Barbara Robinson)
44.7%
From the Mixed-Up Files of Mrs. Basil E. Frankweiler (E. L. Konigsburg)
39.7%
The Borrowers (Mary Norton/Beth & Joe Krush)
33.9%
The Witch of Blackbird Pond (Elizabeth George Speare)
27.4%

From the Vault

Monster Blitz

by Thebiguglyalien

Holiday 60s
Time to start screaming.
Remove Ads.
Support Sporcle.
Get the best of Sporcle when you Go Orange. This ad-free experience offers more features, more stats, and more fun while also helping to support Sporcle. Thank you for becoming a member.

Show Comments

Extras

Top Quizzes Today


Score Distribution

Your Account Isn't Verified!

In order to create a playlist on Sporcle, you need to verify the email address you used during registration. Go to your Sporcle Settings to finish the process.

Report this User

Report this user for behavior that violates our Community Guidelines.

Details: